000 00546nam a2200217Ia 4500
003 OSt
005 20220918192451.0
006 a|||||r|||| 00| 0
007 ta
008 220917b |||||||| |||| 00| 0 eng d
024 _a68,525
037 _cTextual
040 _aARTS
_cARTS
_beng
041 _2eng
_aeng
082 _aR3z7, J3
100 _aWild John ed
_921590
245 0 _aReturn to reason
_b essays in realistic philosophy
260 _c1953
942 _hR3z7, J3
_cTEXL
_2CC
999 _c194696
_d194696